| 000 | 00532cas a22001815a 4500 | ||
|---|---|---|---|
| 001 | L131008 | ||
| 008 | 050920d19631968xxkwr p 0 a0eng u | ||
| 035 | _a(Sirsi) u131008 | ||
| 041 | 0 | _aeng | |
| 245 | 0 | 0 | _aSurveyor and Municipal Engineer |
| 260 |
_aLondon _bTemple Press Ltd. _c1963-1968 |
||
| 362 | _a123(3737) 4 January 1964-131(3969) 28 June 1968 | ||
| 554 | _aOne per week | ||
| 651 | 4 |
_aUnited Kingdom _y |
|
| 690 | _aMANAGEMENT-BUSINESS MANAGEMENT-PROFESSIONAL PRACTICE | ||
| 785 | 0 | 0 |
_tSurveyor _x0039-6303 |
| 942 | _n0 | ||
| 999 |
_c118841 _d118841 |
||